[Event "Annex CC Summer Heat U1800"]
[Site "Toronto CAN"]
[Date "2019.07.15"]
[Round "2"]
[White "Armstrong, Robert J"]
[Black "Ali, Shafkat"]
[Result "0-1"]
[WhiteElo "1517"]
[BlackElo "1648"]
[PlyCount "62"]
[EventDate "2019.07.08"]
[EventType "swiss"]
[EventRounds "5"]
[EventCountry "CAN"]

1. d4 d5 2. Nf3 Nf6 3. e3 e6 4. c4 c6 5. Bd3 dxc4 6. Bxc4 Bb4+ 7. Bd2 Bd6 8.
Bc3 Ne4 9. Qb3 a5 10. Nbd2 a4 11. Qc2 Nxc3 12. bxc3 b5 13. Bd3 b4 14. Rb1 b3
15. axb3 axb3 16. Rxb3 Bd7 17. Nc4 Bc7 18. Nfe5 Qg5 19. O-O c5 20. Nxd7 Nxd7
21. Rb7 Rc8 22. Rfb1 cxd4 23. cxd4 Ke7 24. Qa4 Qh5 25. Nd6 Kxd6 26. Qb4+ Nc5
27. Rc1 Kd7 28. Bb5+ Kd8 29. Rxc5 Bxh2+ 30. Kf1 Rxc5 31. Qa5+ Bc7 0-1

[Event "Annex CC Summer Heat U1800"]
[Site "Toronto CAN"]
[Date "2019.07.29"]
[Round "4"]
[White "Strogonov, Victor"]
[Black "Armstrong, Robert J"]
[Result "1-0"]
[WhiteElo "1431"]
[BlackElo "1517"]
[PlyCount "64"]
[EventDate "2019.07.08"]
[EventType "swiss"]
[EventRounds "5"]
[EventCountry "CAN"]

1. e4 g6 2. d4 Bg7 3. Nf3 c5 4. Nc3 cxd4 5. Nxd4 Qb6 6. Nb3 Nc6 7. Be3 Qc7 8.
Bb5 a6 9. Be2 e6 10. O-O b5 11. a3 Nge7 12. Qd2 Bb7 13. Nc5 Rd8 14. Nxb7 Qxb7
15. Rad1 d5 16. exd5 exd5 17. Bf3 d4 18. Bxc6+ Qxc6 19. Ne2 d3 20. cxd3 Nf5 21.
d4 O-O 22. d5 Qb7 23. Bc5 Nd6 24. Qf4 Rfe8 25. Nc3 Nc4 26. Ne4 f5 27. Nd6 Nxd6
28. Bxd6 Re4 29. Qg3 Rg4 30. Qe3 Rxd6 31. Qe8+ Bf8 32. Rfe1 Qf7 1-0

[Event "Annex CC Winick mem."]
[Site "Toronto CAN"]
[Date "2019.09.30"]
[Round "1"]
[White "Humphreys, Michael"]
[Black "Cohen, David"]
[Result "1-0"]
[WhiteElo "2334"]
[BlackElo "1883"]
[PlyCount "119"]
[EventDate "2019.09.30"]
[EventType "swiss"]
[EventRounds "5"]
[EventCountry "CAN"]

1. Nf3 d5 2. d4 e6 3. c4 c5 4. cxd5 exd5 5. g3 Nc6 6. Bg2 Nf6 7. O-O Be7 8. Nc3
O-O 9. dxc5 Bxc5 10. Na4 Be7 11. Be3 Re8 12. Rc1 Be6 13. Nc5 Bxc5 14. Bxc5 Qd7
15. Nd4 Nxd4 16. Bxd4 Qe7 17. Qd2 b6 18. Qg5 h6 19. Qe5 Rac8 20. Rxc8 Rxc8 21.
Bxd5 Qd7 22. Bxe6 Qxe6 23. Qxe6 fxe6 24. Rd1 Rc2 25. Kf1 Kf7 26. Rd3 Rc7 27.
Bxf6 Kxf6 28. Rc3 Rd7 29. Ke1 Ke5 30. Re3+ Kf5 31. f3 Kf6 32. Rd3 Rc7 33. Rc3
Rd7 34. e4 Ke5 35. Ke2 Kf6 36. Rc6 Ke5 37. Ke3 Kf6 38. h4 Kf7 39. h5 Kf6 40. g4
Rd1 41. Rc7 Re1+ 42. Kf2 Rb1 43. Rxa7 Rxb2+ 44. Kg3 e5 45. a4 Rb4 46. Ra6 Kf7
47. g5 hxg5 48. Kg4 Rb3 49. Kxg5 Rxf3 50. Rxb6 Rf4 51. Rb4 Rf1 52. a5 Ra1 53.
Rb5 Rg1+ 54. Kf5 Rh1 55. Rb7+ Kg8 56. a6 Rxh5+ 57. Kg4 Rh6 58. a7 Ra6 59. Rb8+
Kh7 60. a8=Q 1-0

[Event "Annex CC-ch"]
[Site "Toronto CAN"]
[Date "2019.02.25"]
[Round "2"]
[White "Bitton, Michael"]
[Black "Fines, John"]
[Result "1-0"]
[WhiteElo "1841"]
[BlackElo "1834"]
[PlyCount "91"]
[EventDate "2019.02.11"]
[EventType "swiss"]
[EventRounds "6"]
[EventCountry "CAN"]

1. d4 Nf6 2. Nc3 d5 3. Bf4 e6 4. Nf3 Bd6 5. Qd2 a6 6. h4 b5 7. Bxd6 Qxd6 8. Qg5
O-O 9. e3 b4 10. Na4 Ne4 11. Qh5 Nd7 12. Ng5 Ndf6 13. Nxe4 Nxe4 14. Bd3 f5 15.
Bxe4 fxe4 16. Nc5 Bd7 17. Qe5 Qxe5 18. dxe5 Rf7 19. O-O-O a5 20. f4 exf3 21.
gxf3 Bb5 22. Nxe6 Be2 23. Rd2 Bxf3 24. Rf1 Be4 25. Rxf7 Kxf7 26. Nxc7 Rd8 27.
Nb5 Kg6 28. Nd6 Bf3 29. Rd4 Rf8 30. Kd2 h5 31. c3 bxc3+ 32. Kxc3 Ra8 33. a3 Ra7
34. Rf4 Bd1 35. b4 axb4+ 36. axb4 Bg4 37. Kd4 Be6 38. Kc5 Ra3 39. b5 Rc3+ 40.
Kd4 Rb3 41. Kc5 Rc3+ 42. Kb4 Rxe3 43. b6 Rxe5 44. b7 Re1 45. Nb5 Rb1+ 46. Ka5
1-0

[Event "Annex CC-ch Reserves"]
[Site "Toronto CAN"]
[Date "2019.03.11"]
[Round "4"]
[White "Zichen, Roger"]
[Black "Armstrong, Robert J"]
[Result "1-0"]
[WhiteElo "1021"]
[BlackElo "1485"]
[PlyCount "71"]
[EventDate "2019.02.11"]
[EventType "swiss"]
[EventRounds "6"]
[EventCountry "CAN"]

1. e4 g6 2. d4 Bg7 3. Nf3 c5 4. dxc5 Qa5+ 5. Bd2 Qxc5 6. Nc3 a6 7. Qe2 b5 8.
Qd3 Bb7 9. Be3 Qb4 10. O-O-O d6 11. Bd4 Bh6+ 12. Kb1 e5 13. Bxe5 f6 14. Bxd6
Qa5 15. Bxb8 Ne7 16. Qd7+ Kf7 17. Bd6 Rhe8 18. Qxb7 Rad8 19. Bxe7 Rxe7 20. Qc6
Rc7 21. Bc4+ bxc4 22. Qa4 Rxd1+ 23. Rxd1 Qc5 24. Rd7+ Rxd7 25. Qxd7+ Kf8 26.
Qxh7 Bg7 27. Qxg6 Qxf2 28. Qg3 Qb6 29. Nd5 Qb5 30. Nc7 Qb6 31. Nd5 Qb5 32. Qd6+
Kf7 33. Qe7+ Kg6 34. Nh4+ Kg5 35. Qxg7+ Kxh4 36. Qg3+ 1-0

[Event "Annex CC-ch Reserves"]
[Site "Toronto CAN"]
[Date "2019.03.18"]
[Round "5"]
[White "Yin, Lucas"]
[Black "Armstrong, Robert J"]
[Result "1-0"]
[WhiteElo "1021"]
[BlackElo "200"]
[PlyCount "78"]
[EventDate "2019.02.11"]
[EventType "swiss"]
[EventRounds "6"]
[EventCountry "CAN"]

1. e4 g6 2. g3 Bg7 3. Bg2 c5 4. Nc3 Nc6 5. d3 Qa5 6. Bd2 Qc7 7. Nf3 e6 8. O-O
a6 9. Be3 d6 10. d4 c4 11. d5 Ne5 12. Nxe5 Bxe5 13. dxe6 fxe6 14. Bd4 Qg7 15.
Bb6 Qe7 16. Rb1 Nh6 17. Qd2 Nf7 18. Nd1 Bd7 19. Ne3 Rc8 20. b3 c3 21. Qc1 O-O
22. Ng4 Bg7 23. a4 h5 24. Ne3 Ne5 25. b4 Bxa4 26. Ra1 Bc6 27. Bd4 Nf3+ 28. Bxf3
Rxf3 29. Qd1 Bxe4 30. Bxg7 Qxg7 31. Qc1 Qf6 32. Rb1 Bc6 33. Nc4 Bb5 34. Nxd6
Bxf1 35. Nxc8 Rxf2 36. Nd6 Rg2+ 37. Kh1 Rxh2+ 38. Kxh2 Qf2+ 39. Kh1 Qg2# 1-0

[Event "Aurora Fall op"]
[Site "Newmarket CAN"]
[Date "2019.10.19"]
[Round "1.1"]
[White "Noritsyn, Nikolay"]
[Black "Birarov, Vladimir"]
[Result "1-0"]
[WhiteElo "2512"]
[BlackElo "2141"]
[PlyCount "63"]
[EventDate "2019.10.19"]
[EventType "swiss"]
[EventRounds "5"]
[EventCountry "CAN"]

1. e4 e6 2. d4 d5 3. Nc3 Nf6 4. e5 Nfd7 5. Nce2 c5 6. c3 Nc6 7. Nf3 cxd4 8.
cxd4 f6 9. Nf4 Bb4+ 10. Bd2 Qe7 11. Bxb4 Qxb4+ 12. Qd2 fxe5 13. Nxe6 e4 14.
Nfg5 Qxd2+ 15. Kxd2 h6 16. Nc7+ Kd8 17. Nge6+ Ke7 18. Nf4 Kd6 19. Nb5+ Ke7 20.
Ng6+ Kf6 21. Nxh8 Nb6 22. Nc7 Rb8 23. a4 Nxd4 24. a5 Na8 25. Nxd5+ Ke5 26. Bc4
Be6 27. Ng6+ Kd6 28. Ngf4 Bg8 29. Rhd1 g5 30. Ne2 Rc8 31. b3 Bxd5 32. Nxd4 1-0

[Event "Aurora Spring op"]
[Site "Newmarket CAN"]
[Date "2019.03.30"]
[Round "1.1"]
[White "Noritsyn, Nikolay"]
[Black "Guo, Josh"]
[Result "1-0"]
[WhiteElo "2603"]
[BlackElo "2259"]
[PlyCount "119"]
[EventDate "2019.03.30"]
[EventType "swiss"]
[EventRounds "5"]
[EventCountry "CAN"]

1. e4 c5 2. Nf3 d6 3. d4 cxd4 4. Nxd4 Nf6 5. Nc3 a6 6. Be2 e5 7. Nf3 Be7 8. Bg5
Be6 9. Bxf6 Bxf6 10. Nd5 Nd7 11. O-O Rc8 12. c3 O-O 13. Qd2 Bxd5 14. Qxd5 Rc6
15. Rfe1 Be7 16. Bd1 Nc5 17. Bb3 Qc8 18. Rad1 Ne6 19. Qd2 Nf4 20. Re3 Qg4 21.
g3 Kh8 22. Kh1 Nh3 23. Qe2 h5 24. Nd2 Qg6 25. Rf3 Qg4 26. Re1 Kg8 27. Bd5 Rc7
28. Nc4 Ng5 29. Re3 Qxe2 30. R3xe2 Ne6 31. Rd1 Nc5 32. Ne3 g6 33. Bb3 Nxb3 34.
axb3 Rc6 35. Nd5 Re8 36. Red2 Kf8 37. Kg2 Rd8 38. f4 exf4 39. gxf4 Re8 40. Kf3
f6 41. h4 Kf7 42. Nxe7 Rxe7 43. Rxd6 Rxd6 44. Rxd6 Rc7 45. Ke3 Ke7 46. Rb6 Rd7
47. c4 Kf7 48. b4 Rc7 49. b3 Rd7 50. b5 axb5 51. Rxb5 Kg7 52. Rb6 Kf7 53. b4
Ke7 54. c5 Kf7 55. e5 fxe5 56. fxe5 Rd1 57. Rxb7+ Ke6 58. c6 Kxe5 59. b5 Rc1
60. c7 1-0

[Event "Aurora Spring op"]
[Site "Newmarket CAN"]
[Date "2019.03.30"]
[Round "1.3"]
[White "Cummings, David"]
[Black "Rusonik, Max"]
[Result "1-0"]
[WhiteElo "2395"]
[BlackElo "2208"]
[PlyCount "51"]
[EventDate "2019.03.30"]
[EventType "swiss"]
[EventRounds "5"]
[EventCountry "CAN"]

1. d4 f5 2. c4 Nf6 3. Nc3 g6 4. h4 Bg7 5. h5 d6 6. h6 Bf8 7. Bg5 e6 8. e4 Be7
9. exf5 exf5 10. Qe2 Kf7 11. O-O-O Ne4 12. Nxe4 Bxg5+ 13. Nxg5+ Qxg5+ 14. Kb1
Re8 15. Nf3 Qf6 16. Qd2 Nc6 17. c5 f4 18. Bc4+ Kf8 19. cxd6 cxd6 20. Rh4 g5 21.
Nxg5 Bf5+ 22. Ka1 Qxg5 23. Qxf4 Qf6 24. Rh5 Nxd4 25. Qxd4 Qxd4 26. Rxf5+ 1-0

[Event "Aurora Spring op"]
[Site "Newmarket CAN"]
[Date "2019.03.30"]
[Round "1.4"]
[White "Oganesyan, Hayk"]
[Black "Plotkin, Victor"]
[Result "0-1"]
[WhiteElo "2190"]
[BlackElo "2390"]
[PlyCount "114"]
[EventDate "2019.03.30"]
[EventType "swiss"]
[EventRounds "5"]
[EventCountry "CAN"]

1. e4 e5 2. Nf3 Nf6 3. Nxe5 d6 4. Nf3 Nxe4 5. Nc3 Nxc3 6. dxc3 Be7 7. Be3 Nc6
8. Qd2 Be6 9. a3 Ne5 10. Be2 O-O 11. Nd4 Qd7 12. Nxe6 Qxe6 13. O-O Nc4 14. Bxc4
Qxc4 15. Qd4 Qb5 16. Qd3 Qxd3 17. cxd3 f5 18. Rfe1 Bf6 19. Bd2 Kf7 20. Kf1 g5
21. d4 c6 22. Ke2 d5 23. Kd3 h5 24. Re2 Rae8 25. Rxe8 Rxe8 26. Re1 Rg8 27. b3
Be7 28. c4 Bd6 29. cxd5 cxd5 30. Bb4 Bxh2 31. Re7+ Kf6 32. Rxb7 Rg7 33. Rb5 Rd7
34. Ra5 h4 35. Ra6+ Kg7 36. Bc5 Bb8 37. Ke2 g4 38. Re6 Bf4 39. Ra6 h3 40. gxh3
gxh3 41. Kf3 Bb8 42. Re6 Rd8 43. Re7+ Kg6 44. Re6+ Kh5 45. Re7 Rh8 46. Re1 Rg8
47. Re7 h2 48. Rh7+ Kg6 49. Rh4 a6 50. b4 Kf7 51. Rh7+ Ke8 52. Re7+ Kd8 53. Rh7
Rg1 54. Rh8+ Kd7 55. Rh7+ Kc6 56. b5+ Kxb5 57. Rb7+ Kc4 0-1

[Event "Aurora Spring op"]
[Site "Newmarket CAN"]
[Date "2019.03.30"]
[Round "1.5"]
[White "Noritsyn, Sergey"]
[Black "Ning, Eric"]
[Result "1-0"]
[WhiteElo "2300"]
[BlackElo "2181"]
[PlyCount "109"]
[EventDate "2019.03.30"]
[EventType "swiss"]
[EventRounds "5"]
[EventCountry "CAN"]

1. e4 c5 2. Nf3 Nc6 3. Bb5 g6 4. O-O Bg7 5. c3 e5 6. d3 Nge7 7. Be3 d6 8. d4
exd4 9. cxd4 Qb6 10. dxc5 dxc5 11. Na3 O-O 12. b4 Nxb4 13. Rc1 Rd8 14. Bxc5
Rxd1 15. Rfxd1 Qe6 16. Rd8+ Bf8 17. Bc4 Nbc6 18. Rxf8+ Kxf8 19. Bxe6 Bxe6 20.
Nb5 Bxa2 21. Nfd4 Nxd4 22. Nxd4 b6 23. Ba3 Ke8 24. Nb5 Rd8 25. f4 f5 26. Nxa7
Rd3 27. Bxe7 Kxe7 28. exf5 gxf5 29. Nc8+ Ke6 30. Nxb6 Rd6 31. Na4 Rd2 32. Re1+
Kf6 33. Nc3 Bc4 34. g4 Rc2 35. g5+ Kg6 36. Nd1 Kh5 37. Ne3 Rc3 38. Kf2 Bd3 39.
Ra1 Rc6 40. Ra7 h6 41. Rh7 Be4 42. Kg3 Re6 43. Kh3 Bd3 44. Nd5 Bf1+ 45. Kg3 Bc4
46. Nf6+ Kg6 47. Rxh6+ Kf7 48. Rh7+ Kf8 49. Rc7 Bd3 50. Nd7+ Kg8 51. Ne5 Be4
52. h4 Ra6 53. h5 Ra3+ 54. Kh4 Bg2 55. g6 1-0

[Event "Aurora Spring op"]
[Site "Newmarket CAN"]
[Date "2019.03.30"]
[Round "1.6"]
[White "Zomorrodian, Eilia"]
[Black "Li, William"]
[Result "1-0"]
[WhiteElo "2141"]
[BlackElo "2277"]
[PlyCount "117"]
[EventDate "2019.03.30"]
[EventType "swiss"]
[EventRounds "5"]
[EventCountry "CAN"]

1. e4 c5 2. Nf3 e6 3. c3 d5 4. exd5 Qxd5 5. d4 Nf6 6. Be3 cxd4 7. cxd4 Nc6 8.
Nc3 Qd6 9. Bd3 Be7 10. O-O O-O 11. a3 b6 12. Qe2 Rd8 13. Rad1 Bb7 14. Rfe1 Rac8
15. Bg5 Na5 16. Bb1 h6 17. Bxf6 Bxf6 18. Ne5 Bxe5 19. dxe5 Qc6 20. Be4 Qe8 21.
Bxb7 Nxb7 22. Ne4 Rxd1 23. Rxd1 Rd8 24. Rc1 Qd7 25. h3 Qd5 26. Rc7 Qd1+ 27.
Qxd1 Rxd1+ 28. Kh2 Nc5 29. Nxc5 bxc5 30. Rxc5 Rd7 31. Kg3 Kf8 32. Kf3 Ke7 33.
Ke3 Kd8 34. Rc4 Ke7 35. b4 f6 36. f4 g5 37. fxg5 hxg5 38. h4 Rd5 39. Rc7+ Kd8
40. Rc5 gxh4 41. Rxd5+ exd5 42. exf6 Kd7 43. Kd4 Ke6 44. f7 Kxf7 45. Kxd5 Kf6
46. Ke4 Kg5 47. Kf3 Kf5 48. b5 Ke5 49. a4 Kd5 50. a5 Kc5 51. b6 axb6 52. axb6
Kxb6 53. Kg4 Kc6 54. Kxh4 Kd7 55. Kg5 Ke8 56. Kg6 Kf8 57. g4 Kg8 58. g5 Kh8 59.
Kf7 1-0

[Event "Aurora Spring op"]
[Site "Newmarket CAN"]
[Date "2019.03.30"]
[Round "1.7"]
[White "Chen, Max"]
[Black "Feng, Richard"]
[Result "1-0"]
[WhiteElo "2271"]
[BlackElo "2065"]
[PlyCount "79"]
[EventDate "2019.03.30"]
[EventType "swiss"]
[EventRounds "5"]
[EventCountry "CAN"]

1. e4 c5 2. Nf3 d6 3. Bb5+ Nd7 4. O-O a6 5. Bd3 g6 6. c3 Bg7 7. Bc2 Ne5 8. Nxe5
dxe5 9. d3 Nf6 10. f4 Bg4 11. Qd2 exf4 12. Qxf4 Be6 13. Be3 Rc8 14. Nd2 Ng4 15.
Qf3 Ne5 16. Qe2 Bg4 17. Qf2 O-O 18. Bxc5 Nxd3 19. Bxe7 Nxf2 20. Bxd8 Nxe4 21.
Nxe4 Rcxd8 22. Ng5 Rd5 23. h4 h6 24. Bb3 Rf5 25. Rxf5 gxf5 26. Nf3 Bf6 27. Rd1
f4 28. Rd6 Be7 29. Rg6+ Kh7 30. Rxg4 Bd6 31. h5 b5 32. Nd4 Be5 33. Bc2+ Kh8 34.
Nf5 Kh7 35. Kf2 b4 36. cxb4 Bxb2 37. Rxf4 Bc1 38. Rc4 Rd8 39. Be4 Rd2+ 40. Ke1
1-0

[Event "Aurora Spring op"]
[Site "Newmarket CAN"]
[Date "2019.03.30"]
[Round "2.1"]
[White "Chen, Max"]
[Black "Noritsyn, Nikolay"]
[Result "0-1"]
[WhiteElo "2271"]
[BlackElo "2603"]
[PlyCount "100"]
[EventDate "2019.03.30"]
[EventType "swiss"]
[EventRounds "5"]
[EventCountry "CAN"]

1. e4 c5 2. Nf3 e6 3. c3 Nf6 4. e5 Nd5 5. d4 cxd4 6. cxd4 d6 7. Bc4 Nb6 8. Bb3
dxe5 9. dxe5 Qxd1+ 10. Kxd1 Bd7 11. Nc3 Bc6 12. Ke2 N8d7 13. Re1 Bb4 14. Bd2
O-O-O 15. a3 Bxc3 16. Bxc3 Nc5 17. Ba2 Nd3 18. Red1 Nf4+ 19. Kf1 Na4 20. Bc4
Nxc3 21. bxc3 Bxf3 22. gxf3 Rxd1+ 23. Rxd1 Rd8 24. Rd4 Ng6 25. Re4 Rd1+ 26. Ke2
Rc1 27. Kd2 Rh1 28. Bb5 Rxh2 29. Be8 Nh8 30. Rg4 g6 31. Ba4 Rxf2+ 32. Ke3 Ra2
33. Rc4+ Kd8 34. Rd4+ Ke7 35. Rd7+ Kf8 36. Rxb7 Rxa3 37. Bb3 g5 38. c4 Ng6 39.
Kd4 Ne7 40. Kc5 h5 41. Rb8+ Kg7 42. Bc2 h4 43. Kd6 Nf5+ 44. Bxf5 exf5 45. c5 h3
46. c6 h2 47. c7 Rd3+ 48. Ke7 Rc3 49. c8=Q Rxc8 50. Rxc8 h1=Q 0-1

[Event "Aurora Spring op"]
[Site "Newmarket CAN"]
[Date "2019.03.30"]
[Round "2.2"]
[White "Noritsyn, Sergey"]
[Black "Cummings, David"]
[Result "0-1"]
[WhiteElo "2300"]
[BlackElo "2395"]
[PlyCount "88"]
[EventDate "2019.03.30"]
[EventType "swiss"]
[EventRounds "5"]
[EventCountry "CAN"]

1. e4 e5 2. Nf3 Nc6 3. d4 exd4 4. Nxd4 Bc5 5. Nb3 Bb6 6. Nc3 Nf6 7. Qe2 d6 8.
Bg5 h6 9. Bh4 g5 10. Bg3 Qe7 11. O-O-O Be6 12. Nd5 Bxd5 13. exd5 Qxe2 14. Bxe2
Ne7 15. Bb5+ Kf8 16. c4 Nf5 17. Rhf1 Kg7 18. h3 a6 19. Ba4 Ne4 20. Bh2 h5 21.
Bg1 g4 22. hxg4 hxg4 23. Bd7 Nh6 24. f3 Bxg1 25. fxe4 Be3+ 26. Kc2 Rhd8 27. Ba4
b5 28. cxb5 axb5 29. Bxb5 Rxa2 30. Rd3 Bg5 31. Ra1 Rxa1 32. Nxa1 f5 33. Rc3
fxe4 34. Rxc7+ Kf6 35. Bd7 Ke5 36. Be6 Rf8 37. b4 Rf2+ 38. Kc3 e3 39. b5 Ra2
40. Bxg4 Nxg4 41. Nc2 Rxc2+ 42. Kxc2 e2 43. Rc8 Kd4 44. Re8 Kc5 0-1

[Event "Aurora Spring op"]
[Site "Newmarket CAN"]
[Date "2019.03.30"]
[Round "2.3"]
[White "Plotkin, Victor"]
[Black "Zomorrodian, Eilia"]
[Result "1-0"]
[WhiteElo "2390"]
[BlackElo "2141"]
[PlyCount "87"]
[EventDate "2019.03.30"]
[EventType "swiss"]
[EventRounds "5"]
[EventCountry "CAN"]

1. e4 c5 2. c3 Nf6 3. e5 Nd5 4. d4 cxd4 5. Nf3 Nc6 6. Bc4 Nb6 7. Bb3 d5 8. exd6
Qxd6 9. O-O g6 10. cxd4 Bg7 11. Nc3 O-O 12. Nb5 Qd8 13. Be3 Bf5 14. a3 a6 15.
Nc3 Na5 16. Ba2 Nac4 17. Qe2 Rc8 18. Rac1 Bg4 19. Ne4 Bxf3 20. gxf3 Nd6 21. Nc5
Nf5 22. d5 Nxd5 23. Nxb7 Qd7 24. Rxc8 Rxc8 25. Nc5 Qd6 26. Bxd5 Qxd5 27. Rd1
Qe5 28. Qxa6 Rxc5 29. Bxc5 Qxc5 30. Rd8+ Bf8 31. Qc8 Qxc8 32. Rxc8 Nd6 33. Rb8
Nc4 34. a4 e5 35. b4 Kg7 36. b5 Bd6 37. Rc8 Na5 38. b6 Nb7 39. Ra8 Bc5 40. Ra7
Nd6 41. Rc7 Bd4 42. b7 Ba7 43. Rd7 Bb8 44. Rd8 1-0

[Event "Aurora Spring op"]
[Site "Newmarket CAN"]
[Date "2019.03.30"]
[Round "2.5"]
[White "Guo, Josh"]
[Black "Kang, Dorian"]
[Result "1-0"]
[WhiteElo "2259"]
[BlackElo "2217"]
[PlyCount "119"]
[EventDate "2019.03.30"]
[EventType "swiss"]
[EventRounds "5"]
[EventCountry "CAN"]

1. e4 c5 2. c3 Nf6 3. e5 Nd5 4. d4 cxd4 5. Nf3 Nc6 6. Bc4 Nb6 7. Bb3 d5 8. exd6
Qxd6 9. O-O Be6 10. Bxe6 Qxe6 11. Nxd4 Nxd4 12. Qxd4 Rd8 13. Qh4 Qe2 14. Nd2 e6
15. Qg3 Qd3 16. Nf3 Qg6 17. Qc7 Qe4 18. Qxf7+ Kxf7 19. Ng5+ Kg6 20. Nxe4 Be7
21. Be3 Nc4 22. Bxa7 b6 23. Rfd1 Rxd1+ 24. Rxd1 Nxb2 25. Rd7 Rd8 26. Rxd8 Bxd8
27. Bb8 Na4 28. Kf1 Bf6 29. c4 Bd4 30. Bd6 e5 31. Ke2 Kf5 32. f3 Ke6 33. Bf8
Kf7 34. Ba3 h6 35. g4 g6 36. h3 Ke6 37. Kd3 Kd7 38. Kc2 Kc6 39. Kb3 Nc5+ 40.
Bxc5 bxc5 41. Nc3 Kb6 42. Nd5+ Ka5 43. Ne7 g5 44. Nf5 Bf2 45. Nxh6 Bg3 46. Nf5
Bf4 47. Ne7 Bh2 48. Nd5 Bg3 49. Nf6 Bf4 50. Ne4 Be3 51. Kc2 Kb4 52. Kd3 Bf4 53.
a3+ Kxa3 54. Nxc5 Kb4 55. Ne6 Bc1 56. c5 Kb5 57. Ke4 Bb2 58. Nxg5 Kxc5 59. Nf7
Bc3 60. g5 1-0

[Event "Aurora Spring op"]
[Site "Newmarket CAN"]
[Date "2019.03.30"]
[Round "2.6"]
[White "Rusonik, Max"]
[Black "Ning, Eric"]
[Result "1-0"]
[WhiteElo "2208"]
[BlackElo "2181"]
[PlyCount "73"]
[EventDate "2019.03.30"]
[EventType "swiss"]
[EventRounds "5"]
[EventCountry "CAN"]

1. e4 c5 2. Nf3 g6 3. d4 cxd4 4. Nxd4 Bg7 5. c4 Nc6 6. Be3 Nh6 7. Nc3 O-O 8.
Be2 f5 9. exf5 Bxd4 10. Bxd4 Nxf5 11. Bc5 d6 12. Ba3 Nfd4 13. O-O Bf5 14. Bd3
Qd7 15. Nd5 e5 16. b3 Rae8 17. f3 Kg7 18. Qd2 Ne6 19. Be4 Ncd4 20. Rae1 Nc5 21.
Nc3 Nxe4 22. Nxe4 Re6 23. Bb2 Bxe4 24. Rxe4 Nc6 25. Rd1 Qe7 26. Rde1 Rf5 27.
Bc3 Nd8 28. b4 Nf7 29. f4 Kg8 30. g4 Rxf4 31. Qxf4 Ng5 32. Qg3 Nxe4 33. Rxe4
Qg5 34. c5 dxc5 35. bxc5 Qc1+ 36. Re1 Qc2 37. Rxe5 1-0

[Event "Aurora Spring op"]
[Site "Newmarket CAN"]
[Date "2019.03.30"]
[Round "3.1"]
[White "Noritsyn, Nikolay"]
[Black "Plotkin, Victor"]
[Result "1-0"]
[WhiteElo "2603"]
[BlackElo "2390"]
[PlyCount "81"]
[EventDate "2019.03.30"]
[EventType "swiss"]
[EventRounds "5"]
[EventCountry "CAN"]

1. e4 e5 2. Bc4 Nf6 3. d3 Nc6 4. Nf3 Bc5 5. Nc3 d6 6. Na4 Bb6 7. a3 O-O 8. O-O
Be6 9. Bxe6 fxe6 10. c3 Qe8 11. b4 Nh5 12. Nb2 a6 13. a4 h6 14. Rb1 g5 15. Nc4
Ba7 16. b5 axb5 17. axb5 Ne7 18. b6 Bxb6 19. Nxb6 cxb6 20. Rxb6 Ra1 21. Nd2 Nf4
22. Nb3 Ra2 23. Bxf4 Rxf4 24. Nc1 Ra1 25. Qb3 Qf7 26. Qb2 Ra7 27. Ne2 Rf6 28.
Rxb7 Rxb7 29. Qxb7 Ng6 30. Qc6 Qa7 31. Qxd6 Qa2 32. Ng3 Nf4 33. Qxe5 Kg7 34. d4
Kg6 35. Qb8 Kg7 36. d5 exd5 37. Nf5+ Rxf5 38. exf5 Qe2 39. Ra1 Kf6 40. Qf8+ Ke5
41. f6 1-0

[Event "Aurora Spring op"]
[Site "Newmarket CAN"]
[Date "2019.03.30"]
[Round "3.2"]
[White "Zomorrodian, Eilia"]
[Black "Noritsyn, Sergey"]
[Result "1-0"]
[WhiteElo "2141"]
[BlackElo "2300"]
[PlyCount "77"]
[EventDate "2019.03.30"]
[EventType "swiss"]
[EventRounds "5"]
[EventCountry "CAN"]

1. e4 c5 2. Nf3 d6 3. Bb5+ Nd7 4. O-O a6 5. Bd3 Ngf6 6. c3 b5 7. Qe2 c4 8. Bc2
Bb7 9. b4 Qc7 10. a4 bxa4 11. Rxa4 e5 12. d3 cxd3 13. Bxd3 Be7 14. Bg5 O-O 15.
Nbd2 a5 16. Nc4 axb4 17. Rxa8 Rxa8 18. cxb4 Ra4 19. Rc1 Rxb4 20. Bd2 Rxc4 21.
Bxc4 Nc5 22. Ng5 d5 23. Bxd5 Nxd5 24. exd5 Bxd5 25. Be3 Qd8 26. Bxc5 Bxg5 27.
Rd1 Qa8 28. Qxe5 Bb3 29. Re1 h6 30. Rb1 Qb7 31. Qc3 Qd5 32. Bd4 Ba2 33. Rb8+
Kh7 34. Qd3+ f5 35. Rb5 Qc6 36. Qxf5+ g6 37. Qc5 Qe4 38. Qe5 Qxe5 39. Bxe5 1-0

[Event "Aurora Spring op"]
[Site "Newmarket CAN"]
[Date "2019.03.30"]
[Round "3.3"]
[White "Li, William"]
[Black "Chen, Max"]
[Result "1-0"]
[WhiteElo "2277"]
[BlackElo "2271"]
[PlyCount "63"]
[EventDate "2019.03.30"]
[EventType "swiss"]
[EventRounds "5"]
[EventCountry "CAN"]

1. d4 Nf6 2. c4 g6 3. f3 d5 4. cxd5 Nxd5 5. e4 Nb6 6. Nc3 Bg7 7. Be3 O-O 8. Qd2
e5 9. d5 c6 10. O-O-O cxd5 11. exd5 N8d7 12. g4 Nf6 13. h4 Bd7 14. h5 Rc8 15.
Kb1 Nc4 16. Bxc4 Rxc4 17. Nh3 Qa5 18. hxg6 fxg6 19. Ng5 Re8 20. Ne6 Bxe6 21.
dxe6 Qb4 22. Qd8 Rxd8 23. Rxd8+ Bf8 24. Bh6 Rc6 25. g5 Nh5 26. Bxf8 Qb6 27. e7
Re6 28. Bh6+ Kf7 29. Rf8+ Kxe7 30. Nd5+ Kd6 31. Nxb6 axb6 32. Rd1+ 1-0

[Event "Aurora Spring op"]
[Site "Newmarket CAN"]
[Date "2019.03.30"]
[Round "3.4"]
[White "Kang, Dorian"]
[Black "Feng, Richard"]
[Result "1-0"]
[WhiteElo "2217"]
[BlackElo "2065"]
[PlyCount "113"]
[EventDate "2019.03.30"]
[EventType "swiss"]
[EventRounds "5"]
[EventCountry "CAN"]

1. e4 c5 2. Nf3 d6 3. d4 cxd4 4. Nxd4 Nf6 5. f3 g6 6. c4 Bg7 7. Nc3 Nc6 8. Be3
O-O 9. Be2 Be6 10. Qd2 Rc8 11. b3 Qa5 12. O-O Nd7 13. Rac1 Rfd8 14. f4 Nxd4 15.
Bxd4 Bxd4+ 16. Qxd4 Nf6 17. f5 Bd7 18. g4 gxf5 19. exf5 Qc5 20. Qxc5 dxc5 21.
g5 Ne8 22. Nd5 Kf8 23. Bg4 Rc6 24. Rce1 Rd6 25. Nxe7 Rd4 26. h3 Nd6 27. Nd5 Bc6
28. Nf6 Kg7 29. Rd1 Ne4 30. Rxd4 Rxd4 31. Nxe4 Bxe4 32. Kf2 f6 33. gxf6+ Kxf6
34. Ke3 Bg2 35. Rf2 Re4+ 36. Kd3 Rd4+ 37. Kc3 Be4 38. Kb2 a5 39. Ka3 Bc6 40.
Re2 Rd1 41. Kb2 Bd7 42. Kc3 h5 43. Bxh5 Bxf5 44. Bg4 Rd3+ 45. Kb2 Bxg4 46. hxg4
Rd4 47. Rg2 Kg5 48. Ka3 b5 49. cxb5 Rb4 50. Rc2 Rxb5 51. Ka4 Rb8 52. Rxc5+ Kxg4
53. Rxa5 Kf4 54. b4 Ke4 55. Rc5 Kd4 56. Rc1 Ra8+ 57. Kb3 1-0

[Event "Aurora Spring op"]
[Site "Newmarket CAN"]
[Date "2019.03.31"]
[Round "4.1"]
[White "Cummings, David"]
[Black "Noritsyn, Nikolay"]
[Result "0-1"]
[WhiteElo "2395"]
[BlackElo "2603"]
[PlyCount "102"]
[EventDate "2019.03.30"]
[EventType "swiss"]
[EventRounds "5"]
[EventCountry "CAN"]

1. c4 e5 2. Nc3 Bb4 3. Qc2 c6 4. Nf3 d6 5. a3 Bxc3 6. Qxc3 Nf6 7. e3 O-O 8. Be2
Re8 9. b4 Bg4 10. Bb2 Nbd7 11. h3 Bh5 12. d4 e4 13. Ng1 Bxe2 14. Nxe2 d5 15. c5
Nf8 16. a4 Ng6 17. g3 h6 18. b5 Nh7 19. h4 Nf6 20. Nf4 Rb8 21. Bc1 Qd7 22. b6
Ne7 23. Qb3 Ra8 24. bxa7 Rxa7 25. Bd2 Qf5 26. Qd1 Ng4 27. Qe2 g6 28. a5 Kg7 29.
O-O-O Ng8 30. Rdf1 Qd7 31. Kc2 N8f6 32. Rb1 Qf5 33. Rbf1 Raa8 34. Rb1 Re7 35.
Be1 Nh7 36. Rb6 Ra7 37. Qd2 g5 38. hxg5 hxg5 39. Nh5+ Kg6 40. Qe2 Qf3 41. Qxf3
exf3 42. Kd3 Rxa5 43. Bxa5 Nxf2+ 44. Kd2 Nxh1 45. g4 Nf2 46. Ng3 Nxg4 47. Rb3
Nhf6 48. Bd8 Ne4+ 49. Nxe4 Rxe4 50. Bc7 f2 51. Ke2 Rxe3+ 0-1